000 00312nam a22001097a 4500
008 140124b xxu||||| |||| 00| 0 eng d
010 _a7927039
020 _a9114894153
_cAvailable
082 _a621.38BAE
_b001105
245 _aComputer Systems Architecture
_cBaer Jean Loup
260 _aUSA
_bComputer Science Press
_c1980
999 _c23806
_d23806